|
|
|
|
| LEADER |
02155nam a22004335i 4500 |
| 001 |
978-1-137-55417-8 |
| 003 |
DE-He213 |
| 005 |
20170118142833.0 |
| 007 |
cr nn 008mamaa |
| 008 |
160518s2016 xxk| s |||| 0|eng d |
| 020 |
|
|
|a 9781137554178
|9 978-1-137-55417-8
|
| 024 |
7 |
|
|a 10.1057/9781137554178
|2 doi
|
| 040 |
|
|
|d GrThAP
|
| 050 |
|
4 |
|a QH345
|
| 050 |
|
4 |
|a QD415-436
|
| 072 |
|
7 |
|a PSB
|2 bicssc
|
| 072 |
|
7 |
|a SCI007000
|2 bisacsh
|
| 082 |
0 |
4 |
|a 572
|2 23
|
| 245 |
1 |
0 |
|a Derivatives and Hedge Funds
|h [electronic resource] /
|c edited by Stephen Satchell.
|
| 264 |
|
1 |
|a London :
|b Palgrave Macmillan UK :
|b Imprint: Palgrave Macmillan,
|c 2016.
|
| 300 |
|
|
|a XX, 397 p.
|b online resource.
|
| 336 |
|
|
|a text
|b txt
|2 rdacontent
|
| 337 |
|
|
|a computer
|b c
|2 rdamedia
|
| 338 |
|
|
|a online resource
|b cr
|2 rdacarrier
|
| 347 |
|
|
|a text file
|b PDF
|2 rda
|
| 520 |
|
|
|a Over the last 20 years hedge funds and derivatives have fluctuated in reputational terms; they have been blamed for the global financial crisis and been praised for the provision of liquidity in troubled times. Both topics are rather under-researched due to a combination of data and secrecy issues. This book is a collection of papers celebrating 20 years of the Journal of Derivatives and Hedge Funds (JDHF). The 18 papers included in this volume represent a small sample of influential papers included during the life of the Journal, representing industry-orientated research in these areas. With a Preface from co-editor of the journal Stephen Satchell, the first part of the collection focuses on hedge funds and the second on markets, prices and products.
|
| 650 |
|
0 |
|a Life sciences.
|
| 650 |
|
0 |
|a Business enterprises
|x Finance.
|
| 650 |
|
0 |
|a Biochemistry.
|
| 650 |
1 |
4 |
|a Life Sciences.
|
| 650 |
2 |
4 |
|a Biochemistry, general.
|
| 650 |
2 |
4 |
|a Business Finance.
|
| 700 |
1 |
|
|a Satchell, Stephen.
|e editor.
|
| 710 |
2 |
|
|a SpringerLink (Online service)
|
| 773 |
0 |
|
|t Springer eBooks
|
| 776 |
0 |
8 |
|i Printed edition:
|z 9781349558285
|
| 856 |
4 |
0 |
|u http://dx.doi.org/10.1057/9781137554178
|z Full Text via HEAL-Link
|
| 912 |
|
|
|a ZDB-2-SBL
|
| 950 |
|
|
|a Biomedical and Life Sciences (Springer-11642)
|